Buffy Episode Summaries According to 'Buffyology' (2) Quiz Stats

 Plays Quiz not verified by Sporcle

Score 0/44 Timer 20:00
0 Plays Today
% Correct
S05E22 - The Gift
90.9%
S04E10 - Hush
90.7%
S04E05 - Beer Bad
90.4%
S04E02 - Living Conditions
90.2%
S04E07 - The Initiative
90%
S04E17 - Superstar
89.8%
S04E01 - The Freshman
89.6%
S05E16 - The Body
88.1%
S04E12 - A New Man
87.8%
S04E15 - This Year's Girl
86.9%
S05E06 - Family
86.9%
S04E08 - Pangs
86.7%
S04E09 - Something Blue
86.3%
S04E22 - Restless
86.1%
S05E03 - The Replacement
86.1%
S04E18 - Where the Wild Things Are
85.9%
S04E04 - Fear, Itself
85.7%
S05E15 - I Was Made to Love You
85.6%
S05E17 - Forever
85.6%
S05E02 - Real Me
82.8%
S04E19 - New Moon Rising
81.9%
S04E20 - The Yoko Factor
81.9%
% Correct
S05E07 - Fool for Love
80%
S05E21 - The Weight of the World
80%
S04E21 - Primeval
79.3%
S05E01 - Buffy vs. Dracula
79.1%
S04E13 - The I in Team
78.7%
S05E11 - Triangle
78.3%
S05E20 - Spiral
78.1%
S04E03 - The Harsh Light of Day
77.8%
S04E06 - Wild at Heart
77.6%
S04E16 - Who Are You?
76.1%
S05E14 - Crush
75.9%
S05E10 - Into the Woods
74.1%
S05E18 - Intervention
72%
S04E11 - Doomed
71.9%
S05E08 - Shadow
69.8%
S04E14 - Goodbye, Iowa
66.1%
S05E19 - Tough Love
64.3%
S05E09 - Listening to Fear
64.1%
S05E13 - Blood Ties
62%
S05E04 - Out of My Mind
56.5%
S05E12 - Checkpoint
53.1%
S05E05 - No Place Like Home
48.7%

You're not logged in!

Compare scores with friends on all Sporcle quizzes.
OR
Log In

Show Comments

Extras

Top Quizzes Today


Score Distribution

Your Account Isn't Verified!

In order to create a playlist on Sporcle, you need to verify the email address you used during registration. Go to your Sporcle Settings to finish the process.

Report this User

Report this user for behavior that violates our Community Guidelines.

Details: